000 00738nam a2200193Ii 4500
003 JO-AjNU
008 230605s9999||||xx |||||||||||||| ||und||
040 _aJO-AjNU
_bara
_erda
_cJO-AjNU
041 _aara
050 1 4 _aBP144.B32 1900
100 3 _aبدران، بدران أبو العينين,
_eauthor
_99409
245 0 0 _aالشريعة الإسلامية : تاريخها ونظرية الملكية والعقود
264 3 1 _aالاسكندرية: منشأة الشباب، د.ت
300 _a563ص
336 _atext
_btxt
_2rdacontent
337 _aunmediated
_bn
_2rdamedia
338 _avolume
_bnc
_2rdacarrier
650 4 _aالشريعة الإسلامية- تاريخ- العقود- فقه اسلامي- ملكية
_99410
999 _aA1286
_c4854
_d4854